000 00600nam a2200217 a 4500
005 20210219153436.0
008 991125n 000 0 u
035 _aUPN01000099953
100 _aWilliams, Joann M.
222 _aNEW DIRECTIONS FOR INSTITUTIONAL RESEARCH
245 _aSimplifying a process with flowcharts
300 _a89-93
362 _aNo. 78, 1993
505 _aOctubre 1993
653 0 _aAUTOEVALUACION (GRUPOS)
653 0 _aDIAGRAMAS DE FLUJO
653 0 _aRESOLUCION DE PROBLEMAS
653 0 _aSISTEMAS DE DIRECCION
904 _aAC
_b037764
905 _aArticulo
999 _c76949
_d76949